Effectif JL-Bourg 2024-2025 - Statistiques

Statistiques générales
  • Ce quiz a été pris 13 fois
  • Le résultat moyen est 9 sur 13
Statistiques - réponses
Poste Nationalité Nom % Correct
Pivot Angola Kevin Kokila
100%
Coach France Frédéric Fauthoux
86%
Ailier Etats-Unis Jordan Usher
86%
Ailier Fort Etats-Unis Adrian Nelson
71%
Meneur France Hugo Benitez
71%
Meneur/ Arrière France Joël Ayayi
71%
Ailier Fort/ Pivot Biélorussie Maksim Salash
71%
Meneur Etats-Unis/ Bosnie-Herzégovine Xavier Castañeda
71%
Meneur Etats-Unis Brandon Jefferson
57%
Arrière France Gauthier Denis
57%
Pivot France Jean-Marc Pansa
57%
Ailier Fort France Maxime Courby
57%
Meneur Nouvelle-Zélande Tai Webster
57%
Aucun quiz correspondant
Distribution des résultats
% des personnes avec chaque résultat
Percentile par nombre de réponses
Votre historique - résultats
Vous n’avez pas pris ce quiz